000
00262nam a2200109 4500
008
160704b xxu||||| |||| 00| 0 eng d
100
_9
1965
_a
Ryder, J
245
_a
Waly Disney: Bambi
260
_a
N.D
_b
UBS
300
_a
Waly Disney: Bambi
942
_2
ddc
_c
BK
999
_c
1666
_d
1666